Responses for Show #19 - Thursday, October 4, 1984

Elise Beraru game 4.

Contestants

[<< previous game]

Peggy Hesketh, a writer from Anaheim, California

Perry Buck, a law clerk from Portland, Oregon

Elise Beraru, an insurance underwriter from Los Angeles, California (whose 3-day cash winnings total $36,050)

[next game >>]

Jeopardy! Round responses

U.S. GEOGRAPHY
BASEBALL
LEGENDS
GENERALS
TRIVIA
"CAN" IT
    $100 12
New Orleans

Perry
    $100 1
champagne

Elise
    $100 6
Santa Claus

Elise
    $100 14
Bing

Peggy
    $100 11
the can-can

Perry
    $200 13
Wisconsin

Peggy
    $200 2
no-hitters

Elise
    $200 7
Johnny Appleseed

Elise
    $200 15
smog

Elise
    $200 16
Candice Bergen

Peggy
    $300 3
Louisville Slugger

Elise
    $300 8
John Alden

Elise
    $300 17
Brylcreem

Elise
    $300 20
(Peggy: [No response])
...
(Alex: What are [*]?)
[Audience groans]
(Alex: I don't write them, I read them.)

cannibals

Peggy
Triple Stumper
    $400 4
Bobby Thomson

Elise
    $400 9
John Hancock

Elise
    $400 24
Patton

Elise
    $400 18
a penthouse

Elise
    $400 21
(Alex: We've got less than a minute to go.)

Candy

Triple Stumper
    $500 25
(Elise: What is California?)
[The end-of-round signal sounds.]
(Alex: Peggy or Perry, even though we've had the time's up signal, either of you will be allowed to answer if you want.)
(Perry: What is Texas?)
(Alex: That is wrong, it will cost you. What is [*]?)

Florida

ElisePerry
Triple Stumper
    $500 5
(Elise: Who is Red Allen? Red Adams?)

Mel Allen

Elise
Triple Stumper
    $500 10
Sir Walter Raleigh

Elise
    $500 23
Lew Wallace

Perry
    $500 19
(Peggy: What is Lake Gitche Gumee?

I know not where

ElisePeggy
    $500 22
(Peggy: What is a canta?)

canto

PerryPeggy

Scores at the first commercial break (after clue 10):

Elise Perry Peggy
$2,000 $0 $0

Scores at the end of the Jeopardy! Round:

Elise Perry Peggy
$3,300 $700 -$800

Double Jeopardy! Round responses

ENGLISH LITERATURE
INSECTS
POLITICAL QUOTES
HITCHCOCK
NAMESAKES
MEDICINE
    $200 13
1984

Elise
    $200 5
Psycho

Elise
    $200 6
a teddy bear

Elise
    $400 14
Long John Silver

Peggy
    $400 4
Cary Grant

Peggy
    $400 7
Cologne

Perry
    $600 17
(Charles) Lamb

Perry
    $600 21
[Peggy selected INSECTS $400 before being ruled correct, prompting her to laugh.]
[The end-of-round signal sounds.]
(Alex: Thank you for bailing me out.)

George Bush

Peggy
    $600 3
Raymond Burr

Elise
    $600 10
hooker

Elise
    $800 16
[Elise responded with the indefinite rather than the definite article.]

The Comedy of Errors

Elise
    $800 18
(Alex: Elise, less than a minute to go in the round.)
(Elise: [No response])
(Alex: You took too much time. Perry?)
(Perry: Who is [*]?)

Spiro Agnew

ElisePerry
    $800 2
Rebecca

Elise
    $5,000 11
Faro

Elise
    $800 20
(Perry: What were limes?)
(Elise: What were lemons?)
(Peggy: What was rickets?)
...
(Alex: Cost everybody... except me.)

scurvy

ElisePerryPeggy
Triple Stumper
    $1000 15
Mutiny on the Bounty

Elise
    $1000 9
moths

Elise
    $1,000 8
Adlai Stevenson

Perry
    $1000 1
The Man who Knew Too Much

Elise
    $1000 12
a Pollyanna

Elise
    $1000 19
a placebo

Perry

Scores at the end of the Double Jeopardy! Round:

Elise Perry Peggy
$14,100 $3,700 -$200
(lock game)

[wagering suggestions for these scores]

Final Jeopardy! Round responses

THE CALENDAR
PerryWhat is 3?
$3,695
EliseWhat is 3
$5,800
4

Final scores:

Elise Perry Peggy
$8,300 $5 -$200
4-day champion: $44,350 2nd place: his & hers watches and a telephone system 3rd place: electric typewriter

Game dynamics:

Coryat scores:

Elise Perry Peggy
$9,900 $3,700 -$200
26 R
(including 1 DD),
4 W
9 R
(including 1 DD),
2 W
6 R,
4 W

Combined Coryat: $13,400

[game clues] [game scores] [suggest correction]

Game tape date: 1984-08-15
The J! Archive is created by fans, for fans. Scraping, republication, monetization, and malicious use prohibited; this site may use cookies and collect identifying information. See terms. The Jeopardy! game show and all elements thereof, including but not limited to copyright and trademark thereto, are the property of Jeopardy Productions, Inc. and are protected under law. This website is not affiliated with, sponsored by, or operated by Jeopardy Productions, Inc. Join the discussion at JBoard.tv.